| 000 | 00620nam a2200217Ia 4500 | ||
|---|---|---|---|
| 005 | 20250409162856.0 | ||
| 008 | 008 250409s9999 xx 000 0 eng d | ||
| 037 | _aTextbook | ||
| 040 |
_aLCT _beng _cLCT |
||
| 041 |
_aeng _2eng |
||
| 084 |
_aZ,71,1 / N7 _qLCT |
||
| 100 |
_aTandon, M.P. _9349121 |
||
| 245 | 0 |
_aCode of Civil Procedure _cby Mahesh Prasad Tandon and Rajesh Tandon |
|
| 250 | _a24th ed. | ||
| 260 |
_aFaridabad, haryana _bAllahabd Law Agency _c1997 |
||
| 300 | _axiii , 462p. | ||
| 365 |
_aINR _b150 |
||
| 650 | _aLaw | ||
| 942 |
_cTB _hZ,71,1 / N7 |
||
| 999 |
_c1308783 _d1308783 |
||